000 00949nam a22003377a 4500
001 BR2011004835
003 BR-BrBNA
005 20230928103743.0
007 ta
008 230509b bl.||||| |||| 00| 0 por d
040 _aBR-BrBNA
_bpor
_cBiblioteca Nacional de Agricultura
041 _a(Por)
072 _aE13
090 _ E13 BR2011004835
100 1 _aViezzer, M.L (org.)
110 1 _aMinistério do Desenvolvimento Agrário, Brasília, DF (Brasil)
_97107
245 1 _aÉ a vez das mulheres: crédito para as trabalhadoras rurais
250 1 _a1. ed.
260 3 _aBrasília, DF (Brasil):
_c2002.
300 _a47 p.
500 _a21 ref.; 16 illus.; 6 tables
650 _aAGRICULTURA FAMILIAR
650 _aCRÉDITO
650 _aCOTA
650 _aFINANCIAMENTO
650 _aPROJETO DE DESENVOLVIMENTO
650 _aSAFRA
650 _aTRABALHADOR RURAL
909 _a202309
_bLucia
_c55
_dLucia Elande
942 _cBK
999 _c76471
_d76471